000 00815nas a2200265 4500
001 BR0104615
003 BR-BrBNA
005 20231205102536.0
007 ta
008 230509b bl.|||p| |||| 00| 00por d
040 _aBR-BrBNA
_bpor
_cBiblioteca Nacional de Agricultura
041 _a(En)
072 _aF08
100 1 _aTomm, G.O.
100 1 _aFoster, R.K.
245 1 _aEffect of intercropping wheat with forage legumes on wheat production and ground cover
650 _aTrigo
650 _aLeguminosa Forrageira
650 _aConsorciacao de Cultura
650 _aCobertura do Solo
650 _aRendimento
773 0 _tPesquisa Agropecuaria Brasileira (Brazil)
_xISSN 0100-204X
_g(Mar 2001), v. 36(3) p. 465-471
_wBR0104615
909 _a202311
_bLúcia
_c55
_dLúcia Elande
942 _2AGRIS
_n0
_cANA
999 _c168083
_d168083